00860cam a22002532a 450000100060000000300080000600500170001400800410003103500510007204000320012304100080015508200210016310000410018424501440022525000270036926000480039630000370044450400200048160000190050165000180052065000160053865100240055473000280057832051BD-RjUL20211209051801.0140423s1958 ii a b 001 0 eng d aOCLC ocm00290976 from D941212Ma(BD-RjUL)32140 aDLCcWSUdOCLdBD-RjULbeng aeng a294.3bBHI 19581 aBhattacharyya, Benoytoshd1897-1964.14aThe Indian Buddhist iconography :bmainly based on the Sādhanamālā and Cognate tāntric texts of rituals /cBenoytosh Bhattacharyya. a2nd ed., rev. and enl. aCalcutta :bFirma K.L. Mukhopadhyay,c1958. axxxiii, 478 p. :bill. ;c25 cm. aIncludes index.00aGautama Buddha 0aBuddhist art. 0aArt, Indic. 0aIndiaxAntiquities.0 aAids to Sadhana series.